000 01488cam a22004694i 4500
003 PE-LiUPU
005 20250731172800.0
008 150617s r 000 0 d
035 _a(Sirsi) a13076
040 _aPE-LiUPU
_bspa
_cPE-LiUPU
_erda
049 _aPRUA
082 0 4 _a226.2
_bB76
_221
100 1 _aBotero Giraldo , Silvio,
_eautor.
245 1 0 _aEvangelio y dinámicas /
_cSilvio Botero GIraldo.
264 1 _aBogotá :
_bEdiciones Paulinas,
_c1985.
300 _a206 páginas ;
_c22 cm
336 _atext
_2rdacontent
337 _aunmediated
_2rdamedia
338 _avolume
_2rdacarrier
490 0 _aColección Horizonte ;
_v1
504 _aIncluye bibliografía.
505 0 _aEvangelio y dinámicas -- Oraciones -- Cantos.
526 _aSEG42
526 _aSEG41
526 _aSEG40
526 _aSEG39
526 _aP94
526 _aP87
526 _aP86
526 _aP85
526 _aP77
526 _aP76
526 _aP35
630 _aBiblia
_pN.T.
_pEvangelios
_xOraciones.
910 _ajck
_bjvq
_cjck
_d20150616
942 _2ddc
_cBOOK
949 _a226.2 B76
_wDEWEY
_c1
_i27686
_lCCODEBUL1
_mBUL
_p00.00
_r0
_sY
_tBOOK
_u2015-04-22
_xTEOLOGIA
_PP35
_0COMPRA
_o.STAFF. Colección General
994 _aC0
_bPEPRU
596 _a1
999 _a226.2 B76
_wDEWEY
_c3405
_i27686
_f2019-12-10
_g4
_lDISCARD
_mBUL
_r0
_sY
_tBOOK
_u2015-4-22
_xTEOLOGIA
_PP35
_0COMPRA
_o.STAFF. Colección General
_d3405
980 _81
_gALBERTO SANCHEZ Responsable de Automatización